| 000 | 00651nam a22002537a 4500 | ||
|---|---|---|---|
| 003 | OSt | ||
| 005 | 20140310181745.0 | ||
| 008 | 130307t xxu||||| |||| 00| 0 eng d | ||
| 020 | _a9719331712 | ||
| 050 |
_aPE 1112 _b.Av945 2007 |
||
| 082 |
_aIB 428.2422 _bAV1 2007 |
||
| 100 | _aAvalos, Adelaida | ||
| 245 |
_aFrom grammar to fluency in 30 days / _cAdelaida Avalos. |
||
| 260 |
_aLos Banos, Laguna : _bFPR Pub., _c2007. |
||
| 300 |
_a308 p. : _c27 cm _bill. ; |
||
| 650 | _2English language--Grammar. | ||
| 942 |
_2lcc _cBK |
||
| 999 |
_c2963 _d2963 |
||